000 00478nam a22001817a 4500
003 OSt
005 20180116183048.0
008 160725b xxu||||| |||| 00| 0 eng d
020 _a0
040 _c0
082 _a955.3 MAH 2005
100 _aYagub Mahmudlu
245 _aAzerbaijan Short History Of Statehood
_cYagub Mahmudlu
260 _aPakistan
_bLeaf Publications
_c2005
300 _a178 p.
_bHB
440 _aAzerbaijan Short History Of Statehood
942 _2ddc
_cBK
999 _c351515
_d351515